000 00342nam a2200133Ia 4500
005 20260326100030.0
008 260326s9999||||xx |||||||||||||| ||und||
100 _aVillegas, Benjamín
245 0 _aCasa Colombiana /
_cBenjamín Villegas
260 _bVillegas Editores
300 _a180 p.
650 _aARQUITECTURA RESIDENCIAL
942 _cBK
999 _c6551
_d6551